000
00326nam a22001337a 4500
008
181205b xxu||||| |||| 00| 0 eng d
020
_a
9780124366350
041
_a
eng
080
_2
3 TH
_a
616.053
100
_a
8
101
_a
PED
245
_a
Mnual Of Pediatric Hematology And Oncology
_c
Philip.L
942
_2
udc
_c
BK
999
_c
52882
_d
52882